Ultimate Flag Carrier Quiz - Statistics

General Stats
  • This quiz has been taken 22 times
  • The average score is 56 of 147
Answer Stats
Country Flag Carrier % Correct
Australia Qantas
100%
France Air France
91%
South Korea Korean Air
91%
Singapore Singapore Airlines
91%
Russia Aeroflot
82%
India Air India
82%
Emirates
82%
Japan Japan Airlines
82%
Poland LOT Polish Airlines
82%
Germany Lufthansa
82%
Malaysia Malaysia Airlines
82%
Qatar Qatar Airways
82%
Mexico Aeroméxico
73%
Canada Air Canada
73%
China Air China
73%
Austria Austrian Airlines
73%
Hong Kong Cathay Pacific
73%
Israel El Al
73%
Spain Iberia
73%
Iceland Icelandair
73%
Netherlands KLM
73%
Pakistan Pakistan International Airlines
73%
Jordan Royal Jordanian
73%
Saudi Arabia Saudia
73%
Denmark | Norway | Sweden Scandinavian Airlines
73%
New Zealand Air New Zealand
64%
Belgium Brussels Airlines
64%
Egypt Egyptair
64%
Fiji Fiji Airways
64%
Finland Finnair
64%
Italy ITA
64%
Oman Oman Air
64%
Philippines Philippine Airlines
64%
Switzerland Swiss International Air Lines
64%
Thailand Thai Airways International
64%
Turkey Turkish Airlines
64%
Ireland Aer Lingus
55%
Argentina Aerolíneas Argentinas
55%
Algeria Air Algérie
55%
Latvia airBaltic
55%
Serbia Air Serbia
55%
United Kingdom British Airways
55%
Taiwan China Airlines
55%
Ethiopia Ethiopian Airlines
55%
Indonesia Garuda Indonesia
55%
Bahrain Gulf Air
55%
Kenya Kenya Airways
55%
Chile LATAM Chile
55%
South Africa South African Airways
55%
Albania Air Albania
45%
Greenland Air Greenland
45%
North Korea Air Koryo
45%
Azerbaijan Azerbaijan Airlines
45%
United Arab Emirates Etihad Airways
45%
Eva Air
45%
Iran Iran Air
45%
Kuwait Kuwait Airways
45%
Luxembourg Luxair
45%
Morocco Royal Air Maroc
45%
Brunei Royal Brunei Airlines
45%
Rwanda RwandAir
45%
Romania TAROM
45%
Ukraine Ukraine International Airlines
45%
Vietnam Vietnam Airlines
45%
Greece Aegean Airlines
36%
Aruba Aruba Airlines
36%
Colombia Avianca
36%
Bahamas Bahamasair
36%
Jamaica | Trinidad & Tobago Caribbean Airlines
36%
Panama Copa Airlines
36%
Croatia Croatia Airlines
36%
Paraguay LATAM Paraguay
36%
Peru LATAM Peru
36%
Angola TAAG Angola Airlines
36%
Portugal TAP Air Portugal
36%
Uzbekistan Uzbekistan Airways
36%
Kazakhstan Air Astana
27%
Macau Air Macau
27%
Papua New Guinea Air Niugini
27%
Tanzania Air Tanzania
27%
Afghanistan Ariana Afghan Airlines
27%
Belarus Belavia
27%
Bulgaria Bulgaria Air
27%
Cameroon Camair-Co
27%
Cuba Cubana de Aviación
27%
Georgia Georgia Airways
27%
Madagascar Madagascar Airlines
27%
Nauru Nauru Airlines
27%
Nepal Nepal Airlines
27%
Sri Lanka SriLankan Airlines
27%
Tunisia Tunisair
27%
Botswana Air Botswana
18%
Cambodia Air Cambodia
18%
Djibouti Air Djibouti
18%
Kiribati Air Kiribati
18%
Mauritius Air Mauritius
18%
Senegal Air Senegal
18%
Seychelles Air Seychelles
18%
French Polynesia Air Tahiti Nui
18%
Costa Rica Avianca Costa Rica
18%
Bangladesh Biman Bangladesh Airlines
18%
Bolivia Boliviana de Aviación
18%
Cyprus Cyprus Airways
18%
Iraq Iraqi Airways
18%
Malta KM Malta Airlines
18%
Lebanon Middle East Airlines
18%
Syria Syrian Air
18%
Turkmenistan Turkmenistan Airlines
18%
Uganda Uganda Airlines
18%
Yemen Yemenia
18%
Timor-Leste Aero Dili
9%
Réunion Air Austral
9%
New Caledonia Aircalin
9%
Montenegro Air Montenegro
9%
Zimbabwe Air Zimbabwe
9%
Dominican Republic Arajet
9%
Faroe Islands Atlantic Airways
9%
Cayman Islands Cayman Airways
9%
Venezuela Conviasa
9%
Bhutan Druk Air
9%
Eritrea Eritrean Airlines
9%
Laos Lao Airline
9%
Libya Libyan Airlines
9%
Malawi Malawi Airlines
9%
Maldives Maldivian
9%
Mauritania Mauritania Airlines
9%
Mongolia MIAT Mongolian Airlines
9%
São Tomé and Príncipe STP Airways
9%
Sudan Sudan Airways
9%
Suriname Surinam Airways
9%
Burkina Faso Air Burkina
0%
Ivory Coast Air Côte d'Ivoire
0%
Marshall Islands Air Marshall Islands
0%
Sierra Leone Air Sierra Leone
0%
Guernsey Aurigny
0%
Cape Verde Cabo Verde Airlines
0%
Equatorial Guinea CEIBA Intercontinental
0%
DRC Congo Airways
0%
Eswatini Eswatini Air
0%
Mozambique LAM Mozambique Airlines
0%
Myanmar Myanmar National Airlines
0%
Samoa Samoa Airways
0%
Solomon Islands Solomon Airlines
0%
Zambia Zambia Airways
0%
No matching quizzes found
Score Distribution
Percent of People with Each Score
Percentile by Number Answered
Your Score History
You have not taken this quiz